[Event "Taastrup Quick Weekend 1st C"]
[Site "Taastrup"]
[Date "2005.04.09"]
[Round "2"]
[White "Capion, Jens"]
[Black "Lessel, Ivan"]
[Result "0-1"]
[WhiteElo "1048"]
[BlackElo "1136"]
[PlyCount "110"]
[EventDate "2005.04.08"]
[EventType "swiss"]
[EventRounds "5"]
[EventCountry "DEN"]
[SourceTitle "EXT 2023"]
[Source "ChessBase"]
[SourceDate "2022.10.05"]
[SourceVersion "1"]
[SourceVersionDate "2022.10.05"]
[SourceQuality "1"]

1. e4 e5 2. Nf3 Nc6 3. Nc3 d6 4. d4 Bg4 5. h3 Bxf3 6. gxf3 Nxd4 7. Bb5+ c6 8. Bd3 Qf6 9. Be2 0-0-0 10. Be3 d5 11. f4 dxe4 12. Nxe4 Nf3+ 13. Bxf3 Rxd1+ 14. Rxd1 exf4 15. Nxf6 fxe3 16. Bg4+ Kc7 17. Rd7+ Kb6 18. Nxg8 Rxg8 19. Rd8 exf2+ 20. Kxf2 Bc5+ 21. Kg3 Rxd8 22. Rf1 f6 23. h4 Rd2 24. Bf5 Bd4 25. Bxh7 Bxb2 26. Rf3 Be5+ 27. Kg4 Rg2+ 28. Kh3 Rd2 29. Rb3+ Kc7 30. Kg4 Rg2+ 31. Kh3 Rd2 32. Kg4 b6 33. Rd3 Rxc2 34. Rd7+ Kxd7 35. Bxc2 Bc3 36. Kf5 Bd2 37. Kg6 Bh6 38. h5 Kd6 39. Kf5 c5 40. Ke4 b5 41. a3 b4 42. axb4 cxb4 43. Kd4 Kc6 44. Kc4 a5 45. Ba4+ Kb6 46. Bc2 Be3 47. Kd3 Bf4 48. Kc4 Bc7 49. Kb3 Kc5 50. Bf5 Kd5 51. Bc2 Ke5 52. Ka4 f5 53. Kb3 f4 54. Bd1 Ke4 55. Kc2 Ke3 0-1